[Event "ODJM B 2015"]
[Site "Willingen GER"]
[Date "2015.05.24"]
[Round "1"]
[White "Arnold, Leander"]
[Black "Lilienthal, Niels Bennett"]
[Result "1-0"]
[Termination "normal"]
[Board "1"]
[WhiteElo "1562"]
[BlackElo "1246"]
[WhiteClock "00:27:27"]
[BlackClock "00:11:21"]
[PlyCount "59"]
[WhiteFideId "12990230"]
[BlackFideId "16205421"]
[EventCountry "GER"]
[EventRounds "9"]
[EventType "swiss"]
[EventDate "2015.05.23"]

1. e4 e5 2. Nf3 Nc6 3. Bc4 Nf6 4. d3 Bc5 5. h3 h6 6. c3 d6 7. Nbd2 Qe7 8. Nf1
Be6 9. Bb5 a6 10. Ba4 b5 11. Bc2 Rd8 12. Ng3 d5 13. exd5 Nxd5 14. O-O O-O 15.
Re1 Qd6 16. Ne4 Qe7 17. Ng3 Qd6 18. Nh4 Bc8 19. Nhf5 Bxf5 20. Nxf5 Qf6 21. Qg4
Qg6 22. Qf3 Be7 23. d4 Qf6 24. Qg4 Nf4 25. dxe5 Nxe5 26. Rxe5 Qxe5 27. Bxf4 Qf6
28. Bxh6 Kh8 29. Bxg7+ Qxg7 30. Qxg7# 1-0

[Event "ODJM B 2015"]
[Site "Willingen GER"]
[Date "2015.05.24"]
[Round "1"]
[White "Blinov, Sergei"]
[Black "Morio, Estelle"]
[Result "0-1"]
[Termination "normal"]
[Board "2"]
[WhiteElo "1242"]
[BlackElo "1685"]
[WhiteClock "00:59:57"]
[BlackClock "00:28:44"]
[PlyCount "114"]
[BlackFideId "12951951"]
[EventCountry "GER"]
[EventRounds "9"]
[EventType "swiss"]
[EventDate "2015.05.23"]

1. e4 d6 2. d4 Nf6 3. Nc3 Nbd7 4. Bb5 c6 5. Bc4 e5 6. Nf3 Be7 7. Bg5 O-O 8. O-O
b5 9. Bb3 b4 10. Bxf6 Nxf6 11. Ne2 Qc7 12. Ng3 a5 13. a3 Bg4 14. c3 bxa3 15.
bxa3 d5 16. Re1 dxe4 17. Nxe4 Rad8 18. Re3 exd4 19. cxd4 Bxf3 20. Qxf3 Rxd4 21.
Nxf6+ Bxf6 22. Rc1 c5 23. Rec3 Rf4 24. Rxc5 Rxf3 25. Rxc7 Rxb3 26. Rc8 Rxa3 27.
g3 Ra1 28. Rxa1 Bxa1 29. Rc5 Ra8 30. Rc1 Bf6 31. Rc2 a4 32. Ra2 a3 33. Kg2 Be7
34. Kf3 Rb8 35. Rc2 Ra8 36. Ra2 g6 37. Ke2 Rb8 38. Kd3 Rb2 39. Rxb2 axb2 40.
Kc2 Bf6 41. h3 h5 42. g4 hxg4 43. hxg4 g5 44. f3 Kf8 45. Kb1 Ke7 46. Kc2 Kd6
47. Kb1 Ke5 48. Kc2 Kf4 49. Kb1 Kxf3 50. Kc2 Kxg4 51. Kb1 Kf3 52. Kc2 Ke3 53.
Kb1 Kd3 54. Ka2 Kc2 55. Ka3 b1=Q 56. Ka4 Bd8 57. Ka3 Qb3# 0-1

[Event "ODJM B 2015"]
[Site "Willingen GER"]
[Date "2015.05.24"]
[Round "1"]
[White "Lommel, Hagen"]
[Black "Bardorz, Stefan"]
[Result "1-0"]
[Termination "normal"]
[Board "3"]
[WhiteElo "1561"]
[BlackElo "1241"]
[WhiteClock "00:57:52"]
[BlackClock "01:03:41"]
[PlyCount "111"]
[WhiteFideId "12972380"]
[BlackFideId "16245474"]
[EventCountry "GER"]
[EventRounds "9"]
[EventType "swiss"]
[EventDate "2015.05.23"]

1. e4 e5 2. Nf3 Nc6 3. Bb5 Nf6 4. O-O d6 5. Nc3 a6 6. Ba4 b5 7. Bb3 Bg4 8. h3
Bh5 9. d3 Be7 10. Be3 O-O 11. Nd5 Na5 12. Nxf6+ Bxf6 13. g4 Bg6 14. c3 Nxb3 15.
axb3 h6 16. Qd2 c5 17. g5 hxg5 18. Nxg5 Bh5 19. f4 Bxg5 20. fxg5 Qd7 21. Qg2
Qe6 22. c4 b4 23. Rf2 Ra7 24. Raf1 a5 25. Qg3 a4 26. Rf6 gxf6 27. Rxf6 Qe7 28.
Rh6 Bg6 29. Qh4 f6 30. Rxg6+ Kf7 31. gxf6 Qd8 32. Rg7+ Ke8 33. Rxa7 Rg8+ 34.
Rg7 Rxg7+ 35. fxg7 Qxh4 36. g8=Q+ Kd7 37. Qg4+ Qxg4+ 38. hxg4 a3 39. bxa3 bxa3
40. Bc1 a2 41. Bb2 Ke6 42. Kg2 Kf6 43. Kg3 Kg5 44. Bc3 Kg6 45. Kh4 Kh6 46. g5+
Kg6 47. Ba1 Kg7 48. Kh5 Kh7 49. g6+ Kg7 50. Bc3 Kg8 51. Kh6 Kh8 52. g7+ Kg8 53.
Ba1 d5 54. cxd5 c4 55. bxc4 Kf7 56. Kh7 1-0

[Event "ODJM B 2015"]
[Site "Willingen GER"]
[Date "2015.05.24"]
[Round "1"]
[White "Rößl, Adam"]
[Black "Petri, Ben-Luca"]
[Result "0-1"]
[Termination "normal"]
[Board "4"]
[WhiteElo "1230"]
[BlackElo "1481"]
[WhiteClock "00:43:20"]
[BlackClock "01:02:32"]
[PlyCount "76"]
[WhiteFideId "16246047"]
[BlackFideId "12947261"]
[EventCountry "GER"]
[EventRounds "9"]
[EventType "swiss"]
[EventDate "2015.05.23"]

1. e4 e5 2. Nf3 Nc6 3. Bc4 Bc5 4. c3 Nf6 5. d4 exd4 6. cxd4 Bb4+ 7. Nc3 Nxe4 8.
O-O Bxc3 9. bxc3 d5 10. Re1 O-O 11. Qc2 Re8 12. Bd3 f5 13. Bg5 Qd6 14. c4 Nb4
15. Qb3 Nxd3 16. Qxd3 dxc4 17. Qxc4+ Be6 18. Qd3 h6 19. Be3 Bf7 20. Ne5 Qd5 21.
Nf3 c5 22. Qc2 c4 23. Nd2 Nd6 24. Bf4 Qxd4 25. Bxd6 Qxd6 26. Nxc4 Qc5 27. Ne3
Qxc2 28. Nxc2 Rxe1+ 29. Rxe1 Bxa2 30. Re5 Rc8 31. Re2 Bb1 32. Ne1 Kf7 33. f4
Re8 34. Kf2 Rxe2+ 35. Kxe2 a5 36. Kd2 Be4 37. Kc3 b5 38. Kb3 Ke6 0-1

[Event "ODJM B 2015"]
[Site "Willingen GER"]
[Date "2015.05.24"]
[Round "1"]
[White "Frohnhäuser, Simon"]
[Black "Leib, Amina"]
[Result "1/2-1/2"]
[Termination "normal"]
[Board "5"]
[WhiteElo "1548"]
[BlackElo "1228"]
[WhiteClock "00:05:38"]
[BlackClock "00:14:38"]
[PlyCount "78"]
[WhiteFideId "16208528"]
[BlackFideId "12982970"]
[EventCountry "GER"]
[EventRounds "9"]
[EventType "swiss"]
[EventDate "2015.05.23"]

1. e4 e5 2. Nf3 Nc6 3. d4 d6 4. dxe5 Nxe5 5. Nxe5 dxe5 6. Qxd8+ Kxd8 7. Bc4 f6
8. Be3 Bd6 9. O-O c6 10. a4 Bd7 11. Na3 Kc7 12. Be2 Bxa3 13. Rxa3 Ne7 14. Bc5
Nc8 15. a5 a6 16. Rd1 Be6 17. Rad3 h6 18. Bh5 f5 19. Bg6 fxe4 20. Bxe4 Rg8 21.
Bg6 Rh8 22. Bd6+ Nxd6 23. Rxd6 Rad8 24. Rxd8 Rxd8 25. Rxd8 Kxd8 26. Kf1 Kd7 27.
Be4 Bd5 28. Bf5+ Kd6 29. b3 Kc5 30. Bc8 b6 31. axb6 Kxb6 32. f3 a5 33. Ke2 e4
34. Bf5 exf3+ 35. gxf3 Kc5 36. Be4 Bxe4 37. fxe4 Kd4 38. Kf3 Ke5 39. h3 g6
1/2-1/2

[Event "ODJM B 2015"]
[Site "Willingen GER"]
[Date "2015.05.24"]
[Round "1"]
[White "Grunert, Wilhelm"]
[Black "Rose, Luis Stratos"]
[Result "0-1"]
[Termination "normal"]
[Board "6"]
[WhiteElo "1205"]
[BlackElo "1385"]
[WhiteClock "01:25:22"]
[BlackClock "00:18:31"]
[PlyCount "106"]
[WhiteFideId "12995673"]
[BlackFideId "12976008"]
[EventCountry "GER"]
[EventRounds "9"]
[EventType "swiss"]
[EventDate "2015.05.23"]

1. e4 g6 2. d4 d6 3. Nc3 Bg7 4. Nf3 c6 5. Bg5 Nf6 6. Qd2 b5 7. Bd3 a5 8. a3 Bg4
9. d5 Bd7 10. dxc6 Nxc6 11. Bxb5 O-O 12. Bh6 Nb8 13. Bxg7 Kxg7 14. e5 dxe5 15.
Nxe5 Bxb5 16. Nxb5 Qxd2+ 17. Kxd2 Rd8+ 18. Nd3 Nc6 19. Rad1 Ne5 20. Ke2 Nxd3
21. Rxd3 Rxd3 22. Kxd3 Rc8 23. f3 Nd7 24. Re1 Kf8 25. b4 axb4 26. axb4 f6 27.
c4 Ne5+ 28. Kd4 Rxc4+ 29. Kd5 Rxb4 30. Nc7 Rb6 31. Ne6+ Kf7 32. Nd8+ Ke8 33. f4
Kxd8 34. fxe5 Rb5+ 35. Ke6 Rxe5+ 36. Rxe5 fxe5 37. Kxe5 Kd7 38. g3 h6 39. h3 g5
40. g4 e6 41. Kd4 Kd6 42. Ke4 e5 43. Ke3 Kd5 44. Kd3 e4+ 45. Ke2 Kd4 46. Kd2
e3+ 47. Ke1 Kd3 48. Kd1 e2+ 49. Ke1 Ke3 50. h4 gxh4 51. g5 h3 52. g6 h2 53. g7
h1=Q# 0-1

[Event "ODJM B 2015"]
[Site "Willingen GER"]
[Date "2015.05.24"]
[Round "1"]
[White "Chalabi, Tom"]
[Black "Ning, Felix"]
[Result "0-1"]
[Termination "normal"]
[Board "8"]
[WhiteElo "1119"]
[BlackElo "1507"]
[PlyCount "80"]
[WhiteFideId "4003012"]
[BlackFideId "12988553"]
[EventCountry "GER"]
[EventRounds "9"]
[EventType "swiss"]
[EventDate "2015.05.23"]

1. e4 c5 2. d4 cxd4 3. c3 e5 4. Nf3 Nc6 5. cxd4 exd4 6. Nxd4 Bc5 7. Nxc6 bxc6
8. Bc4 Nf6 9. Qf3 d5 10. exd5 Bg4 11. Qc3 Qe7+ 12. Kf1 Bb4 13. Qe3 Rd8 14.
Qxe7+ Bxe7 15. f3 cxd5 16. Bb5+ Bd7 17. Bxd7+ Rxd7 18. Bg5 O-O 19. Nc3 Rb8 20.
b3 h6 21. Bf4 Rb4 22. Be5 d4 23. Bxf6 gxf6 24. Rd1 d3 25. g3 f5 26. Kg2 Bf6 27.
Ne2 Re7 28. Nf4 Rd4 29. Nxd3 Re2+ 30. Nf2 Rxa2 31. Rxd4 Bxd4 32. Rf1 Rb2 33. g4
f4 34. h4 f6 35. Kg1 Rxb3 36. Rd1 Bb6 37. Kf1 Rxf3 38. Rd2 Rxf2+ 39. Rxf2 Bxf2
40. Kxf2 a5 0-1

[Event "ODJM B 2015"]
[Site "Willingen GER"]
[Date "2015.05.24"]
[Round "1"]
[White "Lange, Cecilia"]
[Black "Theile, Cedric"]
[Result "1-0"]
[Termination "normal"]
[Board "9"]
[WhiteElo "1597"]
[BlackElo "1116"]
[PlyCount "81"]
[WhiteFideId "12976040"]
[BlackFideId "16283228"]
[EventCountry "GER"]
[EventRounds "9"]
[EventType "swiss"]
[EventDate "2015.05.23"]

1. e4 e5 2. Nf3 Nc6 3. Bc4 Bc5 4. d3 h6 5. c3 Nf6 6. O-O O-O 7. b4 Bb6 8. b5
Ne7 9. Nxe5 d6 10. Nf3 Bg4 11. Nbd2 Ng6 12. h3 Bxf3 13. Nxf3 Ba5 14. Bd2 Re8
15. Re1 Ne5 16. Nxe5 dxe5 17. Qb3 Rf8 18. Rad1 Nh5 19. d4 exd4 20. cxd4 Qxd4
21. Bxa5 Qc5 22. Bb4 Qe5 23. Bxf8 Rxf8 24. Rd5 Qf4 25. Rxh5 Qd2 26. Rd1 Qf4 27.
Rf5 Qxe4 28. Rxf7 Rxf7 29. Rd8+ Kh7 30. Bd3 Qxd3 31. Qxd3+ g6 32. Rd7 Rxd7 33.
Qxd7+ Kg8 34. f4 g5 35. Kf2 gxf4 36. Kf3 c5 37. bxc6 bxc6 38. Kxf4 c5 39. Kf5
c4 40. Kg6 c3 41. Qg7# 1-0

[Event "ODJM B 2015"]
[Site "Willingen GER"]
[Date "2015.05.24"]
[Round "1"]
[White "Burdot, Louis"]
[Black "Bilau, Max"]
[Result "0-1"]
[Termination "normal"]
[Board "10"]
[WhiteElo "1113"]
[BlackElo "1640"]
[PlyCount "36"]
[WhiteFideId "4004760"]
[BlackFideId "12974838"]
[EventCountry "GER"]
[EventRounds "9"]
[EventType "swiss"]
[EventDate "2015.05.23"]

1. e4 e6 2. d4 c5 3. d5 exd5 4. exd5 d6 5. Nf3 Nf6 6. Bc4 Be7 7. O-O O-O 8. Nc3
a6 9. a4 Bg4 10. h3 Bh5 11. Bf4 Re8 12. Re1 Nbd7 13. Qd3 Bg6 14. Qd2 h6 15. Re2
Bf8 16. Rxe8 Nxe8 17. Nh4 Qxh4 18. Re1 Qd8 0-1

[Event "ODJM B 2015"]
[Site "Willingen GER"]
[Date "2015.05.24"]
[Round "1"]
[White "Von Jan, Lena"]
[Black "Raasch, Hauke"]
[Result "0-1"]
[Termination "normal"]
[Board "11"]
[WhiteElo "1364"]
[BlackElo "1107"]
[PlyCount "70"]
[WhiteFideId "12946060"]
[BlackFideId "16210034"]
[EventCountry "GER"]
[EventRounds "9"]
[EventType "swiss"]
[EventDate "2015.05.23"]

1. e4 d5 2. exd5 Qxd5 3. Nc3 Qa5 4. Bc4 c6 5. Bb3 Qc7 6. d4 Bf5 7. Be3 e6 8. a3
Nf6 9. h3 Bd6 10. Nf3 Nbd7 11. Nh4 Bg6 12. Nxg6 hxg6 13. Qf3 O-O-O 14. O-O-O
Kb8 15. Kb1 Rhe8 16. Rhe1 Re7 17. Ne4 Nxe4 18. Qxe4 Nf6 19. Qf3 Rde8 20. Bg5
Rd7 21. Bxf6 gxf6 22. Qxf6 e5 23. dxe5 Bxe5 24. Rxe5 Rxd1+ 25. Ka2 Qxe5 26.
Qxf7 Qe1 27. Qf4+ Ka8 28. Bf7 Ra1+ 29. Kb3 Rb8 30. Qc4 Qxf2 31. Be6 Qe3+ 32.
Kb4 c5+ 33. Ka5 Qd4 34. Qb5 Qd6 35. Bd7 Qb6+ 0-1

[Event "ODJM B 2015"]
[Site "Willingen GER"]
[Date "2015.05.24"]
[Round "1"]
[White "Zimmer, Claudius"]
[Black "Kostanyan, Hakob"]
[Result "1-0"]
[Termination "normal"]
[Board "12"]
[WhiteElo "1105"]
[BlackElo "1532"]
[PlyCount "73"]
[BlackFideId "12977683"]
[EventCountry "GER"]
[EventRounds "9"]
[EventType "swiss"]
[EventDate "2015.05.23"]

1. e4 c5 2. Nf3 d6 3. d4 cxd4 4. Nxd4 Nf6 5. Nc3 a6 6. Bc4 b5 7. Bb3 Bb7 8. f3
Nbd7 9. O-O Rc8 10. Nf5 Nc5 11. Nd5 Nxd5 12. Bxd5 Bxd5 13. exd5 Qd7 14. Ng3 e6
15. Re1 Be7 16. dxe6 Nxe6 17. Nf5 O-O 18. Nxe7+ Qxe7 19. Bf4 Qa7+ 20. Be3 Qc7
21. c3 Rfd8 22. Qd3 Rb8 23. Rec1 a5 24. b4 axb4 25. cxb4 Qe7 26. Qb3 Qb7 27. a4
bxa4 28. Rxa4 d5 29. Rd1 d4 30. Bf2 Nc5 31. Qa3 Nxa4 32. Qxa4 Qxb4 33. Qa1 d3
34. Qc1 d2 35. Qc2 Rbc8 36. Qe4 Re8 37. Qxb4 1-0

[Event "ODJM B 2015"]
[Site "Willingen GER"]
[Date "2015.05.24"]
[Round "1"]
[White "Kose, Robert Paul"]
[Black "Voltmer, Victor"]
[Result "1-0"]
[Termination "normal"]
[Board "13"]
[WhiteElo "1453"]
[BlackElo "1104"]
[PlyCount "91"]
[WhiteFideId "12982067"]
[EventCountry "GER"]
[EventRounds "9"]
[EventType "swiss"]
[EventDate "2015.05.23"]

1. e4 d6 2. d4 Nf6 3. Nc3 g6 4. h3 c6 5. Nf3 Bg7 6. Be2 Be6 7. Be3 b5 8. a3
Nbd7 9. Ng5 O-O 10. Nxe6 fxe6 11. Qd2 d5 12. e5 Ne8 13. h4 Nc7 14. Bh6 a5 15.
Bxg7 Kxg7 16. h5 Rh8 17. Rh3 b4 18. Na4 Rb8 19. Rg3 bxa3 20. Raxa3 Rb4 21. hxg6
hxg6 22. Bd3 Nf8 23. Qg5 Qe8 24. Nc5 Rh6 25. Ke2 Rxd4 26. Rh3 Rxh3 27. gxh3 Rb4
28. Ra1 Qf7 29. Rg1 Qf4 30. Qxe7+ Qf7 31. Qg5 Rxb2 32. h4 Nh7 33. Qg3 Kh8 34.
Bxg6 Qg7 35. h5 Nf8 36. Kd3 Nxg6 37. hxg6 Kg8 38. Qg5 Rb8 39. Qf6 Rf8 40. Qh4
Rf5 41. f4 Rf8 42. Qg4 Re8 43. Rh1 Re7 44. Rh7 Qf8 45. Qh5 Qxf4 46. Rh8+ 1-0

[Event "ODJM B 2015"]
[Site "Willingen GER"]
[Date "2015.05.24"]
[Round "1"]
[White "Reuker, Ronja"]
[Black "Wu, Erik"]
[Result "0-1"]
[Termination "normal"]
[Board "14"]
[WhiteElo "1102"]
[BlackElo "1441"]
[PlyCount "96"]
[WhiteFideId "12947172"]
[BlackFideId "12977489"]
[EventCountry "GER"]
[EventRounds "9"]
[EventType "swiss"]
[EventDate "2015.05.23"]

1. e4 c5 2. Nf3 d6 3. Bb5+ Bd7 4. Bxd7+ Qxd7 5. O-O Nf6 6. Re1 Nc6 7. d3 O-O-O
8. Be3 Ng4 9. Bf4 e5 10. Bd2 f5 11. h3 fxe4 12. dxe4 Nf6 13. Nc3 h6 14. Nd5 Qf7
15. c4 g5 16. Qb3 Qg6 17. Qb5 Kb8 18. Ba5 Nxa5 19. Qxa5 Rc8 20. Re3 Nxe4 21.
Ra3 a6 22. Qb6 Rc6 23. Qd8+ Rc8 24. Qa5 Rg8 25. Re1 g4 26. Nh4 Qg5 27. g3 Nf6
28. Nxf6 Qxf6 29. hxg4 Rxg4 30. Ra4 Qxh4 31. Re3 Qd8 32. Qd2 h5 33. Kf1 e4 34.
Qd5 Qg5 35. Qxg5 Rxg5 36. Rxe4 Bg7 37. Re2 Rf8 38. Kg2 Be5 39. Ra3 Rg4 40. Rc2
Rff4 41. Ra4 h4 42. Kh3 hxg3 43. fxg3 Rxg3+ 44. Kxg3 Rxc4+ 45. Kf3 Rxc2 46. b3
d5 47. Ke3 d4+ 48. Kd3 Rc3+ 0-1

[Event "ODJM B 2015"]
[Site "Willingen GER"]
[Date "2015.05.24"]
[Round "1"]
[White "Kublanov, Carolin"]
[Black "Hoppe, Nico"]
[Result "1-0"]
[Termination "normal"]
[Board "15"]
[WhiteElo "1607"]
[BlackElo "1086"]
[PlyCount "55"]
[WhiteFideId "12944548"]
[BlackFideId "16225520"]
[EventCountry "GER"]
[EventRounds "9"]
[EventType "swiss"]
[EventDate "2015.05.23"]

1. d4 d5 2. Nf3 Nc6 3. e3 a6 4. Be2 Bf5 5. O-O Nf6 6. b3 g6 7. Bb2 Bg7 8. Bd3
Bg4 9. Nbd2 Bxf3 10. Nxf3 Qd6 11. Ne5 h5 12. Qf3 Nd8 13. h3 Ne6 14. c4 Ng5 15.
Qf4 Bh6 16. c5 Qe6 17. Qh2 Ng4 18. hxg4 hxg4 19. Qh4 Nh3+ 20. gxh3 Bg7 21. Qxg4
Bxe5 22. Qxe6 fxe6 23. dxe5 O-O-O 24. Kh2 g5 25. Rg1 Rdg8 26. Rg4 Rf8 27. Kg3
Kd7 28. Rxg5 1-0

[Event "ODJM B 2015"]
[Site "Willingen GER"]
[Date "2015.05.24"]
[Round "1"]
[White "Seliokaite, Ana"]
[Black "Schluckner, Paul-Leopold"]
[Result "0-1"]
[Termination "normal"]
[Board "16"]
[WhiteElo "1085"]
[BlackElo "1404"]
[PlyCount "82"]
[WhiteFideId "16224817"]
[BlackFideId "12952168"]
[EventCountry "GER"]
[EventRounds "9"]
[EventType "swiss"]
[EventDate "2015.05.23"]

1. d4 d5 2. e3 Bf5 3. f4 Nf6 4. Nf3 e6 5. Be2 Nc6 6. c3 Ne4 7. O-O f6 8. Qb3
Rb8 9. Qa4 a6 10. Nbd2 Nxd2 11. Bxd2 Be7 12. Qd1 O-O 13. Nh4 Be4 14. f5 Qd7 15.
Bg4 exf5 16. Nxf5 Bxf5 17. Bxf5 Qd6 18. e4 g6 19. Bf4 Qd8 20. Be6+ Kh8 21. exd5
Na7 22. Qe1 f5 23. Qe2 Bd6 24. Rae1 h5 25. Qe3 Kh7 26. Rf3 c6 27. c4 b5 28. Qc1
Bxf4 29. Rxf4 Rf6 30. dxc6 Qd6 31. Bd5 bxc4 32. Bxc4 Nxc6 33. Qe3 Rxb2 34. Re2
Rb1+ 35. Kf2 Rb4 36. d5 g5 37. Rd4 Nxd4 38. Qxd4 Qf4+ 39. Kg1 Rb1+ 40. Re1
Rxe1+ 41. Bf1 Qxf1# 0-1

[Event "ODJM B 2015"]
[Site "Willingen GER"]
[Date "2015.05.24"]
[Round "1"]
[White "Grunert, Friedrich"]
[Black "Schneider, Katharina"]
[Result "1-0"]
[Termination "normal"]
[Board "17"]
[WhiteElo "1492"]
[BlackElo "1084"]
[PlyCount "61"]
[WhiteFideId "12995592"]
[BlackFideId "16200519"]
[EventCountry "GER"]
[EventRounds "9"]
[EventType "swiss"]
[EventDate "2015.05.23"]

1. e4 e5 2. Nf3 Nc6 3. Bb5 a6 4. Ba4 Nf6 5. O-O Be7 6. Re1 b5 7. Bb3 O-O 8. c3
d5 9. exd5 Nxd5 10. Nxe5 Nxe5 11. Rxe5 Nf6 12. h3 Bd6 13. Re1 Bb7 14. d4 Qd7
15. Nd2 Qf5 16. Nf3 Bxf3 17. Qxf3 Qg6 18. Bd2 Rfe8 19. Rac1 Ne4 20. Bf4 Bxf4
21. Qxf4 c5 22. Bd5 Nxc3 23. Bxa8 Rxe1+ 24. Rxe1 h6 25. bxc3 Qb6 26. Re8+ Kh7
27. Be4+ Qg6 28. Bxg6+ fxg6 29. Qf8 g5 30. Qf5+ g6 31. Qf7# 1-0

[Event "ODJM B 2015"]
[Site "Willingen GER"]
[Date "2015.05.24"]
[Round "1"]
[White "Burdot, Clara"]
[Black "Yi, Wendy"]
[Result "0-1"]
[Termination "normal"]
[Board "18"]
[WhiteElo "1046"]
[BlackElo "1401"]
[PlyCount "70"]
[WhiteFideId "4004779"]
[BlackFideId "16224850"]
[EventCountry "GER"]
[EventRounds "9"]
[EventType "swiss"]
[EventDate "2015.05.23"]

1. e4 e5 2. Nf3 Nc6 3. d4 exd4 4. Nxd4 Bc5 5. Be3 Bb6 6. Nxc6 bxc6 7. Bxb6 cxb6
8. Bc4 d6 9. Qf3 Qf6 10. Qxf6 Nxf6 11. Nc3 b5 12. Bb3 b4 13. Ba4 Bd7 14. Ne2
Nxe4 15. Nd4 c5 16. Nc6 Rc8 17. Nxa7 Ra8 18. Bc6 Bxc6 19. Nxc6 Ra6 20. f3 Nf6
21. Nxb4 cxb4 22. O-O-O O-O 23. Rhe1 Rd8 24. c4 bxc3 25. bxc3 Rxa2 26. c4 Ra1+
27. Kb2 Rxd1 28. Rxd1 Kf8 29. c5 Ne8 30. cxd6 Nxd6 31. Kc3 Ne4+ 32. fxe4 Rxd1
33. Kc2 Rg1 34. g3 Rg2+ 35. Kc3 Rxh2 0-1

[Event "ODJM B 2015"]
[Site "Willingen GER"]
[Date "2015.05.24"]
[Round "1"]
[White "Zimmer, Luca"]
[Black "Straßburg, Robin"]
[Result "1/2-1/2"]
[Termination "normal"]
[Board "19"]
[WhiteElo "1496"]
[BlackElo "1028"]
[PlyCount "67"]
[WhiteFideId "12921424"]
[BlackFideId "16210018"]
[EventCountry "GER"]
[EventRounds "9"]
[EventType "swiss"]
[EventDate "2015.05.23"]

1. e4 d5 2. exd5 Qxd5 3. Nc3 Qa5 4. d4 c6 5. Bc4 Nf6 6. Nge2 Qc7 7. Bf4 Qd8 8.
O-O Bg4 9. f3 Bh5 10. d5 e6 11. d6 Nbd7 12. Re1 Nb6 13. Bb3 Nfd5 14. Ne4 Bg6
15. Bg3 f5 16. c4 Ne3 17. Qd3 fxe4 18. Qxe3 Qd7 19. c5 Nd5 20. Qd4 exf3 21.
gxf3 O-O-O 22. Nf4 Nxf4 23. Bxf4 Bf5 24. Bc4 h6 25. h4 Rg8 26. Kf2 g5 27. hxg5
hxg5 28. Bg3 g4 29. f4 Bg7 30. Qd2 Bf6 31. Rh1 Qg7 32. Bd3 Bd4+ 33. Kg2 Bxd3
34. Qxd3 1/2-1/2

[Event "ODJM B 2015"]
[Site "Willingen GER"]
[Date "2015.05.24"]
[Round "1"]
[White "Caliebe, Nanke"]
[Black "Frank, Cillian"]
[Result "1-0"]
[Termination "normal"]
[Board "21"]
[WhiteElo "1502"]
[BlackElo "954"]
[PlyCount "129"]
[WhiteFideId "12980528"]
[BlackFideId "16245202"]
[EventCountry "GER"]
[EventRounds "9"]
[EventType "swiss"]
[EventDate "2015.05.23"]

1. d4 d5 2. c4 e6 3. Nc3 Nf6 4. Nf3 Bb4 5. Bg5 Bd7 6. e3 h6 7. Bh4 g5 8. Bg3
Ne4 9. Qc2 f6 10. a3 Bxc3+ 11. bxc3 Nc6 12. cxd5 exd5 13. Bd3 Bf5 14. O-O Qe7
15. Rab1 b6 16. Qa4 Bd7 17. Rfc1 Na5 18. Qb4 Qxb4 19. cxb4 Nc6 20. Bxc7 Ne7 21.
h3 h5 22. Ba6 g4 23. hxg4 hxg4 24. Nh2 Nd2 25. Rb2 Ne4 26. Bb7 O-O 27. Bxa8
Rxa8 28. Bf4 Ng6 29. Rc7 Bf5 30. Bh6 Nd6 31. Rg7+ Kh8 32. Rc7 Kg8 33. Nf1 Nf7
34. Bf4 Nxf4 35. exf4 Kg7 36. Ne3 Bg6 37. Nxg4 Re8 38. Rxa7 Re1+ 39. Kh2 Re4
40. Rd2 Rxf4 41. Ne3 Rh4+ 42. Kg1 Kh6 43. Nxd5 Nd6 44. Nxf6 Nc4 45. Re2 Rxd4
46. Nd7 Nd6 47. Nxb6 Ne4 48. Rd7 Rxd7 49. Nxd7 Ng5 50. b5 Bd3 51. Rb2 Bxb5 52.
Rxb5 Ne4 53. f4 Nd6 54. Rb6 Kg7 55. Rxd6 Kf7 56. Ne5+ Ke7 57. Ra6 Ke8 58. Ra7
Kf8 59. f5 Ke8 60. f6 Kf8 61. Ng6+ Kg8 62. f7+ Kg7 63. f8=Q+ Kxg6 64. Rg7+ Kh6
65. Qh8# 1-0

[Event "ODJM B 2015"]
[Site "Willingen GER"]
[Date "2015.05.24"]
[Round "1"]
[White "Prudlik, Finn Olmse"]
[Black "Wiemann, Daniel"]
[Result "0-1"]
[Termination "normal"]
[Board "22"]
[WhiteElo "948"]
[BlackElo "1419"]
[PlyCount "144"]
[WhiteFideId "16209923"]
[BlackFideId "12942944"]
[EventCountry "GER"]
[EventRounds "9"]
[EventType "swiss"]
[EventDate "2015.05.23"]

1. e4 e6 2. d4 d5 3. exd5 exd5 4. Nc3 Nc6 5. Nf3 Nf6 6. Bd3 Bd6 7. O-O Bg4 8.
h3 Bh5 9. Bg5 Nxd4 10. Be2 Nxf3+ 11. Bxf3 Bxf3 12. Qxf3 c6 13. Bxf6 Qxf6 14.
Qxf6 gxf6 15. Rfe1+ Kd7 16. Ne2 Rae8 17. Ng3 Bxg3 18. fxg3 Rxe1+ 19. Rxe1 Re8
20. Rf1 Re6 21. g4 Ke7 22. b4 Re4 23. c3 Re2 24. a4 Rc2 25. Re1+ Kd7 26. Re3
Ra2 27. a5 b6 28. axb6 axb6 29. Rf3 Ke7 30. Re3+ Kf8 31. Rf3 Kg7 32. g5 fxg5
33. Rg3 f6 34. h4 h6 35. hxg5 hxg5 36. Re3 Kf7 37. Kh2 c5 38. bxc5 bxc5 39. Rd3
Rc2 40. Rxd5 Rxc3 41. Rd7+ Ke6 42. Rg7 c4 43. g4 Rd3 44. Rc7 c3 45. Kg2 Rd2+
46. Kf3 c2 47. Ke3 Rg2 48. Kd3 Kd6 49. Rxc2 Rxc2 50. Kxc2 Ke5 51. Kd3 Kf4 52.
Ke2 Kxg4 53. Kf2 Kh3 54. Kg1 f5 55. Kh1 g4 56. Kg1 g3 57. Kh1 f4 58. Kg1 g2 59.
Kf2 Kh2 60. Kf3 g1=Q 61. Kxf4 Qe1 62. Kf5 Qe3 63. Kg6 Qe5 64. Kf7 Qd6 65. Ke8
Qc7 66. Kf8 Qd7 67. Kg8 Kg3 68. Kh8 Qe7 69. Kg8 Kf4 70. Kh8 Kg5 71. Kg8 Kg6 72.
Kh8 Qg7# 0-1

[Event "ODJM B 2015"]
[Site "Willingen GER"]
[Date "2015.05.24"]
[Round "1"]
[White "Tham, Nam"]
[Black "Winkin, Pol"]
[Result "1-0"]
[Termination "normal"]
[Board "23"]
[WhiteElo "1547"]
[BlackElo "937"]
[PlyCount "85"]
[WhiteFideId "12997331"]
[BlackFideId "4004787"]
[EventCountry "GER"]
[EventRounds "9"]
[EventType "swiss"]
[EventDate "2015.05.23"]

1. e4 e5 2. Nf3 Nc6 3. Bc4 Bc5 4. c3 Nf6 5. d3 d6 6. Nbd2 Be6 7. Bb3 Qd7 8. Bc2
d5 9. exd5 Bxd5 10. O-O O-O-O 11. Re1 Rhe8 12. h3 Kb8 13. b4 Bd6 14. b5 Na5 15.
c4 Be6 16. Nb3 Bb4 17. Bd2 Bxd2 18. Qxd2 Nxb3 19. axb3 b6 20. Nxe5 Qd4 21. Nc6+
Kb7 22. Rxa7+ Kc8 23. Nxd4 Kb8 24. Nc6+ Kc8 25. Nxd8 Rxd8 26. Qf4 Ne8 27. Ra8+
Kd7 28. Qd4+ Nd6 29. Rxd8+ Kxd8 30. Qxg7 Ke7 31. Qxh7 Kd7 32. Rxe6 Kxe6 33. d4
Ke7 34. c5 bxc5 35. dxc5 Nb7 36. Qe4+ Kf8 37. Qxb7 Kg7 38. Qxc7 Kf6 39. b6 Kg7
40. b7 Kf6 41. b8=Q Kg7 42. Qe5+ Kh6 43. Qbh8# 1-0

[Event "ODJM B 2015"]
[Site "Willingen GER"]
[Date "2015.05.24"]
[Round "1"]
[White "Fischer, Sören"]
[Black "Zell, Mirjam"]
[Result "0-1"]
[Termination "normal"]
[Board "24"]
[WhiteElo "931"]
[BlackElo "1336"]
[PlyCount "98"]
[BlackFideId "16208544"]
[EventCountry "GER"]
[EventRounds "9"]
[EventType "swiss"]
[EventDate "2015.05.23"]

1. d4 d5 2. Bf4 Bf5 3. Nc3 Nc6 4. e3 e6 5. Bb5 Nf6 6. f3 Bb4 7. Qd2 Qd7 8. g4
Bg6 9. h4 h5 10. g5 Ng8 11. O-O-O O-O-O 12. Re1 Kb8 13. Bd3 Bxd3 14. Qxd3 Nge7
15. a3 Ba5 16. Nh3 g6 17. Nb5 Bxe1 18. Bxc7+ Kc8 19. Bxd8 Bxh4 20. Bxe7 Qxe7
21. f4 Rg8 22. Qc3 Kb8 23. Qc5 Qxc5 24. dxc5 Rf8 25. Ng1 Bf2 26. Kd2 Bxg1 27.
Rxg1 f6 28. gxf6 Rxf6 29. Kd3 e5 30. f5 e4+ 31. Kc3 Ne7 32. Nd6 gxf5 33. Rg7
Re6 34. Rh7 b6 35. Rxh5 bxc5 36. Nxf5 Re5 37. Rh8+ Kc7 38. Nxe7 Rxe7 39. Rh5
Rd7 40. Kb3 Kc6 41. Rh6+ Rd6 42. Rh7 a6 43. Ka4 d4 44. exd4 cxd4 45. Re7 Kd5
46. Rf7 Re6 47. Rf1 Kc4 48. c3 d3 49. Rd1 e3 0-1